| 000 | 00339cam a22001217a 4500 | ||
|---|---|---|---|
| 008 | 180718bss19 xxu||||| |||| 00| 0 eng d | ||
| 082 | _a2pC41 O | ||
| 100 | _aOppenheim, Felix E. | ||
| 245 |
_aDimensions of freedom: an analysis _cby Felix E. Oppenheim |
||
| 260 |
_aNew York _bSt. Martinメs Pre _css19 |
||
| 300 | _a6124 | ||
| 650 | _ap5Liber | ||
| 999 |
_c423574 _d423574 |
||